Memorias de los silenciados el baile rojo. Relatos (Registro nro. 45444)

Detalles MARC
000 -ENCABEZADO
Número de control [NR] 00859nam a2200241Ia 4500
008 - DE LONGITUD FIJA DE DATOS DE ELEMENTOS - INFORMACIÓN GENERAL
Elementos de longitud fija [NR] 130821s2003 ck gr spa
020 ## - NUMERO INTERNACIONAL NORMALIZADO PARA LIBROS [R]
Número Internacional Normalizado del libro [NR] 9583348872
040 ## - FUENTE DE CATALOGACION [NR]
Agencia de catalogación original [NR] Co-BoUCM
Idioma de catalogación [NR] spa
041 00 - CODIGO DE IDIOMA [R]
Código de idioma para texto/pista de sonido o título separado [R] Español
100 1# - ASIENTO PRINCIPAL--NOMBRE PERSONAL [NR]
Nombre personal [NR] Campor Zornosa, Yesid
Fechas asociadas con el nombre [NR] 1950-
ID Autoridad 161804
245 10 - MENCION DE TITULO [NR]
Título [NR] Memorias de los silenciados el baile rojo. Relatos
Mención de responsabilidad, etc. [NR] Yezid Campos Zorosa
246 #3 - FORMA VARIANTE DEL TITULO [R]
Título propiamente dicho/forma breve del título [NR] El baile rojo
Parte restante del título [NR] relatos
260 ## - PUBLICACION, DISTRIBUCION, ETC. (PIE DE IMPRENTA) [R]
Lugar de publicación, distribución, etc. [R] Bogotá (Colombia)
Nombre del editor, distribuidor, etc. [R] Ceicos
Fecha de publicación, distribución, etc. [R] 2003
300 ## - DESCRIPCION FISICA [R]
Extensión [R] 331 páginas
610 ## - ASIENTO SECUNDARIO DE MATERIA - NOMBRE CORPORATIVO [R]
Nombre corporativo o nombre de la jurisdicción como elemento de entrada [NR] Unión Patriótica (Colombia)
Subdivisión general [R] Historia
9 (RLIN) 91958
650 04 - ASIENTO SECUNDARIO DE MATERIA - TERMINO TEMATICO [R]
Término temático o nombre geográfico como elemento de entrada [NR] Conflicto armado
Subdivisión geográfica [R] Colombia
9 (RLIN) 11565
650 04 - ASIENTO SECUNDARIO DE MATERIA - TERMINO TEMATICO [R]
Término temático o nombre geográfico como elemento de entrada [NR] Violencia política
Subdivisión geográfica [R] Colombia
Subdivisión de forma [R] Relatos personales
9 (RLIN) 26287
650 04 - ASIENTO SECUNDARIO DE MATERIA - TERMINO TEMATICO [R]
Término temático o nombre geográfico como elemento de entrada [NR] Violencia
9 (RLIN) 422
710 ## - ASIENTO SECUNDARIO - NOMBRE CORPORATIVO [R]
Nombre corporativo o de jurisdicción como elemento de entrada [NR] CEICOS
9 (RLIN) 161805
710 ## - ASIENTO SECUNDARIO - NOMBRE CORPORATIVO [R]
Nombre corporativo o de jurisdicción como elemento de entrada [NR] Management Sciences for Development. MSD
9 (RLIN) 161806
942 ## - ELEMENTOS DE ENTRADA AGREGADOS (KOHA)
Tipo de ítem principal el descrito en 300a Libro
Tema principal Sociología
Edición 1
Parte restante de la signatura top. C198m
Sistema de clasificación DEWEY
Clasificación 303.6861
Existencias
Fecha de último préstamo Total préstamos Total Renewals Signatura topográfica Código de barras Última vez visto Ejemplar Price effective from Tipo de ítem Perdido Sistema de clasificación Dañado No prestable Tipo de ítem específico Suprimido Ubicación habitual Ubicación actual Localización Fecha de creación Forma de adquisición Costo
31/03/2025 97 11 303.6861 C198m 100070984 09/12/2025 Ej.1 03/02/2013 Libro   DEWEY     Libro   Claustro Claustro 2do piso 28/02/2005 Donación 26000.00